[Event "23rd International Grunwald Cup (blind)"]
[Site "Dadaj"]
[Date "2008.09.21"]
[Round "1.1"]
[White "Falkowski, Dawid"]
[Black "Dukaczewski, Piotr"]
[Result "1-0"]
[WhiteElo "2002"]
[BlackElo "2351"]
[PlyCount "54"]
[EventDate "2008.??.??"]

1. e4 d6 2. Nc3 Nf6 3. g3 g6 4. Bg2 Bg7 5. Nge2 O-O 6. O-O c6 7. d4 Qc7 8. h3
b5 9. e5 dxe5 10. dxe5 Rd8 11. Qe1 Nd5 12. Nxd5 cxd5 13. Nc3 e6 14. Nxb5 Qb6
15. Bg5 Rd7 16. c4 Bb7 17. Nd6 Nc6 18. cxd5 exd5 19. Nxb7 Bxe5 20. Rc1 Bd4 21.
Qd2 f6 22. Bh6 Rc8 23. Na5 Bc5 24. Nxc6 Rxc6 25. b4 g5 26. bxc5 Qd8 27. Rfd1
Kf7 1-0

[Event "23rd International Grunwald Cup (blind)"]
[Site "Dadaj"]
[Date "2008.09.21"]
[Round "1.2"]
[White "Wassin, Sergej"]
[Black "Bakalarczyk, Wlodzimierz"]
[Result "1-0"]
[WhiteElo "2325"]
[BlackElo "2001"]
[PlyCount "80"]
[EventDate "2008.??.??"]

1. d4 Nf6 2. c4 g6 3. Nc3 Bg7 4. Nf3 d6 5. g3 O-O 6. Bg2 Nc6 7. O-O a6 8. Qd3
Rb8 9. d5 Nb4 10. Qd2 a5 11. a3 Na6 12. Nd4 Nd7 13. Rb1 Ne5 14. b3 Bd7 15. f4
c5 16. Nc2 Ng4 17. h3 Nf6 18. e4 Ne8 19. Ne3 e6 20. dxe6 fxe6 21. Bb2 Nac7 22.
a4 Bc6 23. Nb5 Bxb2 24. Rxb2 b6 25. Qd1 Qe7 26. Rd2 Bxb5 27. cxb5 Rd8 28. Nc4
d5 29. exd5 exd5 30. Bxd5+ Nxd5 31. Rxd5 Nf6 32. Rxd8 Rxd8 33. Qf3 Qd7 34. Kg2
Qe6 35. Rf2 Rd4 36. Re2 Qd5 37. Nxb6 Qf5 38. Qa8+ Kf7 39. Qb7+ Kg8 40. Qb8+ Kf7
{time} 1-0

[Event "23rd International Grunwald Cup (blind)"]
[Site "Dadaj"]
[Date "2008.09.21"]
[Round "1.3"]
[White "Wolak, Tomasz"]
[Black "Desanjose Candalija, Eduardo"]
[Result "0-1"]
[WhiteElo "1971"]
[BlackElo "2310"]
[PlyCount "30"]
[EventDate "2008.??.??"]

1. Nc3 d5 2. e4 c6 3. Nf3 Bg4 4. exd5 cxd5 5. Bb5+ Nc6 6. h3 Bxf3 7. Qxf3 Nf6
8. d3 e6 9. O-O Be7 10. Re1 O-O 11. Bxc6 bxc6 12. Bg5 Rb8 13. Rab1 Qa5 14. Qd1
Rb7 15. Qc1 Rfb8 0-1

[Event "23rd International Grunwald Cup (blind)"]
[Site "Dadaj"]
[Date "2008.09.21"]
[Round "1.4"]
[White "Grigorchuk, Sergey"]
[Black "Traczyk, Tadeusz"]
[Result "1-0"]
[WhiteElo "2244"]
[BlackElo "1971"]
[PlyCount "59"]
[EventDate "2008.??.??"]

1. d4 Nf6 2. c4 e6 3. Nc3 d5 4. Bg5 Nbd7 5. e3 Be7 6. Nf3 O-O 7. Qc2 c6 8.
O-O-O a6 9. Kb1 dxc4 10. Bxc4 Nd5 11. Bxe7 Qxe7 12. e4 Nxc3+ 13. Qxc3 b5 14.
Bd3 Bb7 15. Bc2 Rfe8 16. e5 Nf8 17. Nd2 Rac8 18. Ne4 c5 19. Nd6 cxd4 20. Qxd4
Qc7 21. Be4 Bxe4+ 22. Qxe4 Qe7 23. Nxe8 Qxe8 24. Rc1 Rxc1+ 25. Rxc1 g6 26. Qd4
Qe7 27. f3 Kg7 28. a3 Nd7 29. Qd6 Qxd6 30. exd6 1-0

[Event "23rd International Grunwald Cup (blind)"]
[Site "Dadaj"]
[Date "2008.09.21"]
[Round "1.5"]
[White "Rutkowski, Eugeniusz"]
[Black "Gunajew, Rafal"]
[Result "0-1"]
[WhiteElo "1964"]
[BlackElo "2241"]
[PlyCount "50"]
[EventDate "2008.??.??"]

1. d4 c5 2. e3 e6 3. Nf3 Nf6 4. Nbd2 b6 5. b3 Bb7 6. Bd3 Be7 7. O-O O-O 8. Bb2
cxd4 9. Bxd4 Nc6 10. Bb2 Rc8 11. a3 Qc7 12. Qe2 d5 13. Rac1 e5 14. c4 e4 15.
cxd5 exd3 16. Qxd3 Rfd8 17. e4 Qf4 18. Qe2 Nb8 19. Be5 Qg4 20. Bxb8 Rxb8 21.
Rc7 Bd6 22. Rc4 Ba6 23. h3 Qg6 24. e5 Nxd5 25. exd6 Nf4 0-1

[Event "23rd International Grunwald Cup (blind)"]
[Site "Dadaj"]
[Date "2008.09.21"]
[Round "1.6"]
[White "Zoltek, Tadeusz"]
[Black "Sargalski, Andrzej"]
[Result "1/2-1/2"]
[WhiteElo "2218"]
[BlackElo "1943"]
[PlyCount "41"]
[EventDate "2008.??.??"]

1. c4 c5 2. Nf3 Nc6 3. e3 Nf6 4. Be2 d5 5. cxd5 Nxd5 6. O-O g6 7. Qc2 b6 8. Bb5
Bd7 9. d4 Ncb4 10. Bxd7+ Qxd7 11. Qe2 cxd4 12. exd4 Rc8 13. Na3 Bg7 14. Ne5
Bxe5 15. dxe5 O-O 16. Bh6 Rfd8 17. Rfd1 Qf5 18. Rd2 Nf4 19. Rxd8+ Rxd8 20. Bxf4
Qxf4 21. Rf1 1/2-1/2

[Event "23rd International Grunwald Cup (blind)"]
[Site "Dadaj"]
[Date "2008.09.21"]
[Round "1.7"]
[White "Boese, Artur"]
[Black "Palacios Perez, Manuel"]
[Result "0-1"]
[WhiteElo "1943"]
[BlackElo "2195"]
[PlyCount "50"]
[EventDate "2008.??.??"]

1. Nf3 d5 2. g3 Nf6 3. Bg2 c6 4. O-O Bg4 5. b3 e6 6. Bb2 Nbd7 7. d3 Bd6 8. Nbd2
O-O 9. h3 Bh5 10. Qe1 Re8 11. e4 e5 12. Nh4 Qa5 13. a3 Rad8 14. Nf5 Bb8 15. Qe3
Bg6 16. g4 Bxf5 17. exf5 Qc7 18. Qg3 Qb6 19. Qh4 h6 20. Rae1 Qc5 21. c4 Qd6 22.
f4 exf4 23. Nf3 dxc4 24. dxc4 Qd3 25. Nd4 Rxe1 0-1

[Event "23rd International Grunwald Cup (blind)"]
[Site "Dadaj"]
[Date "2008.09.21"]
[Round "1.8"]
[White "Suder, Ryszard"]
[Black "Kardasz, Wladyslaw"]
[Result "1/2-1/2"]
[WhiteElo "2183"]
[BlackElo "1928"]
[PlyCount "64"]
[EventDate "2008.??.??"]

1. e4 c5 2. Nf3 e6 3. b3 d5 4. exd5 exd5 5. Bb5+ Nc6 6. O-O Bd6 7. Re1+ Nge7 8.
d4 O-O 9. Bb2 a6 10. Bd3 Nf5 11. c3 cxd4 12. cxd4 Qf6 13. Bf1 Be6 14. Qd3 Nb4
15. Qd2 Rac8 16. Nc3 Nh6 17. Ne5 Ng4 18. Nxg4 Bxg4 19. g3 Be6 20. Rac1 Nc6 21.
Red1 Rfe8 22. h3 Bb4 23. a3 Bd6 24. b4 h5 25. Bg2 Ne7 26. h4 b5 27. Re1 Rc4 28.
Ne2 Rec8 29. Rxc4 Rxc4 30. Rc1 Bg4 31. Rxc4 bxc4 32. Nc3 Be6 1/2-1/2

[Event "23rd International Grunwald Cup (blind)"]
[Site "Dadaj"]
[Date "2008.09.21"]
[Round "1.9"]
[White "Debowska, Teresa"]
[Black "Chojnowski, Marcin"]
[Result "1-0"]
[WhiteElo "1916"]
[BlackElo "2171"]
[PlyCount "77"]
[EventDate "2008.??.??"]

1. e4 e6 2. d3 d5 3. Nd2 c5 4. g3 Nc6 5. Bg2 Be7 6. Ngf3 Nf6 7. O-O O-O 8. e5
Nd7 9. Re1 b5 10. h4 b4 11. Nf1 a5 12. h5 Ba6 13. h6 g6 14. N1h2 a4 15. Ng4 b3
16. axb3 axb3 17. c3 Qc7 18. Bf4 Bb7 19. Qxb3 c4 20. Qc2 cxd3 21. Qxd3 Nc5 22.
Qc2 Ne4 23. Qe2 Na5 24. Nd4 Ba6 25. Qc2 Rfb8 26. Bxe4 dxe4 27. Qxe4 Bb7 28. Qe2
Bc5 29. Nf6+ Kh8 30. Ne4 Bxd4 31. cxd4 Nb3 32. Rad1 Ra2 33. Nc3 Ra5 34. d5 Rba8
35. d6 Qc6 36. Qe4 Qxe4 37. Nxe4 Ra1 38. d7 Nd4 39. Rxa1 1-0

[Event "23rd International Grunwald Cup (blind)"]
[Site "Dadaj"]
[Date "2008.09.21"]
[Round "1.10"]
[White "Baloha, Mykhailo"]
[Black "Hagner, Pawel"]
[Result "1-0"]
[WhiteElo "2170"]
[BlackElo "1906"]
[PlyCount "43"]
[EventDate "2008.??.??"]

1. e4 d6 2. d4 Nf6 3. Nc3 g6 4. Be2 Bg7 5. h4 O-O 6. Bg5 c5 7. Nf3 Nc6 8. d5
Nb8 9. Qd2 Nbd7 10. Bh6 a6 11. h5 Ng4 12. Bxg7 Kxg7 13. hxg6 hxg6 14. Ng5 Ndf6
15. f3 Ne5 16. Nh7 Nxh7 17. Qh6+ Kf6 18. Qxh7 Bd7 19. f4 Ng4 20. Bxg4 Rh8 21.
e5+ dxe5 22. Ne4# 1-0

[Event "23rd International Grunwald Cup (blind)"]
[Site "Dadaj"]
[Date "2008.09.21"]
[Round "1.11"]
[White "Salamon, Jan"]
[Black "Schellmann, Frank"]
[Result "1-0"]
[WhiteElo "1889"]
[BlackElo "2149"]
[PlyCount "109"]
[EventDate "2008.??.??"]

1. Nf3 f5 2. c4 Nf6 3. b3 g6 4. Bb2 Bg7 5. e3 d6 6. Be2 e5 7. d3 O-O 8. O-O Nc6
9. Nbd2 h6 10. Rc1 g5 11. c5 g4 12. Ne1 d5 13. Nc2 Qe8 14. b4 Nh7 15. a3 Qg6
16. b5 Ne7 17. Nb3 f4 18. Kh1 h5 19. exf4 exf4 20. Bxg7 Qxg7 21. d4 Ng5 22. Re1
Ne4 23. Kg1 f3 24. Bd3 Bf5 25. Ne3 fxg2 26. Nxf5 Nxf5 27. Bxe4 dxe4 28. Rxe4
Nh4 29. Qe2 Qf7 30. Rc3 Rae8 31. Rxe8 Rxe8 32. Re3 Rf8 33. Nd2 Ng6 34. Qc4 Nf4
35. Re7 Qxc4 36. Nxc4 Nh3+ 37. Kxg2 Rxf2+ 38. Kg3 Rc2 39. Ne5 Rc3+ 40. Kh4 Nf4
41. Kg5 Nd5 42. Rd7 c6 43. bxc6 bxc6 44. Nxc6 g3 45. hxg3 Rxg3+ 46. Kf5 Ne3+
47. Kf4 h4 48. Ne7+ Kf8 49. Nf5 Ng2+ 50. Ke5 Rxa3 51. c6 Ra5+ 52. d5 Ne1 53.
Nxh4 Nd3+ 54. Kf6 Ke8 55. Nf5 1-0

[Event "23rd International Grunwald Cup (blind)"]
[Site "Dadaj"]
[Date "2008.09.21"]
[Round "1.12"]
[White "Mueller, Manfred"]
[Black "Kulik, Roman"]
[Result "1-0"]
[WhiteElo "2116"]
[BlackElo "1888"]
[PlyCount "59"]
[EventDate "2008.??.??"]

1. e4 e6 2. d4 d5 3. Nd2 Nf6 4. e5 Nfd7 5. Bd3 c5 6. c3 Nc6 7. Ne2 cxd4 8. cxd4
Qb6 9. Nf3 Bb4+ 10. Bd2 Bxd2+ 11. Qxd2 f6 12. exf6 Nxf6 13. O-O O-O 14. Rac1
Bd7 15. Rc3 Qd8 16. Rfc1 Qe7 17. Bb1 Rac8 18. Qg5 Ne4 19. Bxe4 dxe4 20. Qxe7
Nxe7 21. Ng5 Nd5 22. Rxc8 Rxc8 23. Rxc8+ Bxc8 24. Nxe4 b6 25. a3 Ba6 26. N2c3
Nf4 27. f3 Nd3 28. b4 Nb2 29. b5 Bb7 30. Nd6 1-0

[Event "23rd International Grunwald Cup (blind)"]
[Site "Dadaj"]
[Date "2008.09.21"]
[Round "1.13"]
[White "Hodowany, Wojciech"]
[Black "Draghici Flutur, Gavril"]
[Result "0-1"]
[WhiteElo "1870"]
[BlackElo "2111"]
[PlyCount "80"]
[EventDate "2008.??.??"]

1. d4 Nf6 2. c4 e6 3. Nf3 c5 4. Nc3 cxd4 5. Nxd4 Bb4 6. Qb3 Na6 7. Ndb5 Ne4 8.
a3 Qa5 9. e3 O-O 10. Be2 Nxc3 11. Nxc3 b6 12. O-O Bxc3 13. bxc3 Bb7 14. Bd2
Rac8 15. Rfd1 d5 16. cxd5 Bxd5 17. c4 Nc5 18. Qb4 Qa6 19. Qb5 Qxb5 20. cxb5 Nb3
21. Bb4 Nxa1 22. Bxf8 Kxf8 23. Rxa1 Rc2 24. Bf1 Ke7 25. f3 Ra2 26. Rxa2 Bxa2
27. Kf2 Kd6 28. Bd3 h6 29. Ke2 Kc5 30. Kd2 Bc4 31. Bxc4 Kxc4 32. a4 Kb3 33. Kd3
Kxa4 34. Kc4 Ka5 35. g4 a6 36. bxa6 Kxa6 37. h4 Ka5 38. f4 f5 39. g5 Ka4 40. h5
b5+ 0-1

[Event "23rd International Grunwald Cup (blind)"]
[Site "Dadaj"]
[Date "2008.09.21"]
[Round "1.15"]
[White "Wyrzykowski, Jozef"]
[Black "Wojcieszyn, Zdzislaw"]
[Result "0-1"]
[WhiteElo "1786"]
[BlackElo "2100"]
[PlyCount "86"]
[EventDate "2008.??.??"]

1. e4 c5 2. Nf3 Nc6 3. c4 g6 4. Nc3 Bg7 5. Be2 e6 6. d3 Nge7 7. a3 O-O 8. O-O
d5 9. Rb1 a6 10. Re1 dxc4 11. dxc4 Qc7 12. Qc2 b6 13. Bf1 Bb7 14. g3 Nd4 15.
Nxd4 cxd4 16. Na2 Rac8 17. Bd2 Rfd8 18. Bd3 Nc6 19. f4 Ne7 20. Qd1 a5 21. b4
Nc6 22. Nc1 axb4 23. axb4 Ra8 24. Qb3 Ra7 25. Ne2 Rda8 26. Bc1 Ra4 27. Bd2 e5
28. fxe5 Ra3 29. Qc2 Nxe5 30. Nc1 Nf3+ 31. Kg2 Nxe1+ 32. Bxe1 f5 33. c5 Rxd3
34. Qc4+ Kh8 35. Nxd3 fxe4 36. Kg1 exd3 37. Qe6 Qc6 38. Qxc6 Bxc6 39. cxb6 Rb8
40. Rc1 Be4 41. Rc7 Bh6 42. Re7 Be3+ 43. Kf1 Rf8+ 0-1

[Event "23rd International Grunwald Cup (blind)"]
[Site "Dadaj"]
[Date "2008.09.21"]
[Round "1.17"]
[White "Renkowski, Piotr"]
[Black "Migala, Andrzej"]
[Result "1/2-1/2"]
[WhiteElo "1622"]
[BlackElo "2091"]
[PlyCount "25"]
[EventDate "2008.??.??"]

1. e4 c5 2. Nf3 d6 3. d4 cxd4 4. Nxd4 Nf6 5. Nc3 a6 6. Be2 e5 7. Nb3 Be7 8. O-O
O-O 9. Be3 Be6 10. Nd5 Bxd5 11. exd5 Nbd7 12. Kh1 b5 13. a4 1/2-1/2

[Event "23rd International Grunwald Cup (blind)"]
[Site "Dadaj"]
[Date "2008.09.22"]
[Round "2.1"]
[White "Vela Ignacio, Jose Manuel"]
[Black "Wassin, Sergej"]
[Result "1-0"]
[WhiteElo "2103"]
[BlackElo "2325"]
[PlyCount "79"]
[EventDate "2008.??.??"]

1. d4 d5 2. c4 c6 3. e3 Nf6 4. Nc3 e6 5. Bd3 Bd6 6. Nf3 Nbd7 7. Qc2 O-O 8. O-O
dxc4 9. Bxc4 e5 10. Ne4 Nxe4 11. Qxe4 Nf6 12. Qh4 e4 13. Ng5 Qe7 14. f3 exf3
15. e4 h6 16. e5 hxg5 17. Bxg5 Bxe5 18. dxe5 Qc5+ 19. Kh1 Ng4 20. Rac1 fxg2+
21. Kxg2 Qxe5 22. Rce1 Qxb2+ 23. Re2 Ne3+ 24. Bxe3 Qc3 25. Rf3 Be6 26. Bxe6
fxe6 27. Rh3 Qe5 28. Qh8+ Kf7 29. Rf3+ Ke7 30. Qh4+ Kd7 31. Rd2+ Ke8 32. Rxf8+
Kxf8 33. Qh8+ Kf7 34. Qxa8 Qxe3 35. Rd7+ Kg6 36. Qe8+ Kf6 37. Qf7+ Ke5 38.
Qxg7+ Ke4 39. Qg4+ Ke5 40. Qg3+ 1-0

[Event "23rd International Grunwald Cup (blind)"]
[Site "Dadaj"]
[Date "2008.09.22"]
[Round "2.2"]
[White "Desanjose Candalija, Eduardo"]
[Black "Clemente Llamero, Roberto"]
[Result "1-0"]
[WhiteElo "2310"]
[BlackElo "2097"]
[PlyCount "71"]
[EventDate "2008.??.??"]

1. c4 Nf6 2. Nc3 e6 3. e4 d5 4. e5 d4 5. exf6 dxc3 6. bxc3 Qxf6 7. Bd3 c5 8.
Nf3 Qd8 9. Bc2 Be7 10. O-O O-O 11. Qe2 Nc6 12. Rd1 Bf6 13. d4 Qa5 14. Bf4 Qxc3
15. Rac1 Qa5 16. dxc5 e5 17. Nxe5 Nxe5 18. Bxe5 Bxe5 19. Qxe5 Be6 20. Rd4 Rfe8
21. h3 Rac8 22. Qe4 g6 23. Qxb7 Rxc5 24. Bb3 Bc8 25. Qf3 Bb7 26. Qc3 Qc7 27.
Qg3 Qa5 28. Rcd1 h5 29. h4 Kg7 30. Kh2 Bc6 31. Rd6 Ree5 32. Qf4 Rf5 33. Qd4+ f6
34. Rxc6 Rxc6 35. Qd7+ Kh6 36. Qxc6 1-0

[Event "23rd International Grunwald Cup (blind)"]
[Site "Dadaj"]
[Date "2008.09.22"]
[Round "2.3"]
[White "Wojcieszyn, Zdzislaw"]
[Black "Grigorchuk, Sergey"]
[Result "0-1"]
[WhiteElo "2100"]
[BlackElo "2244"]
[PlyCount "74"]
[EventDate "2008.??.??"]

1. c4 g6 2. Nc3 c5 3. Nf3 Bg7 4. d4 cxd4 5. Nxd4 Nc6 6. e3 Nf6 7. Be2 O-O 8.
O-O d6 9. b3 Bd7 10. Bb2 Qa5 11. Bf3 Rfc8 12. Qd2 a6 13. Rfd1 Rab8 14. Nd5 Qxd2
15. Rxd2 Nxd5 16. Nxc6 bxc6 17. Bxg7 Kxg7 18. cxd5 c5 19. Be2 a5 20. Kf1 Rb4
21. Rc1 a4 22. Bc4 Ra8 23. Ke2 Bb5 24. Rc3 axb3 25. axb3 Rxb3 26. Rxb3 Bxc4+
27. Rbd3 Ra3 28. e4 Kf6 29. Ke3 Rxd3+ 30. Rxd3 Bxd3 31. Kxd3 Ke5 32. Ke3 g5 33.
f3 f5 34. g3 fxe4 35. fxe4 g4 36. Kd3 h6 37. Ke3 c4 0-1

[Event "23rd International Grunwald Cup (blind)"]
[Site "Dadaj"]
[Date "2008.09.22"]
[Round "2.4"]
[White "Gunajew, Rafal"]
[Black "Ivchenko, Anatoly"]
[Result "1/2-1/2"]
[WhiteElo "2241"]
[BlackElo "2066"]
[PlyCount "118"]
[EventDate "2008.??.??"]

1. e4 c6 2. d4 d5 3. e5 Bf5 4. Ne2 e6 5. Nf4 h6 6. Bd3 Bxd3 7. Qxd3 Qd7 8. O-O
c5 9. c3 Nc6 10. Be3 cxd4 11. Bxd4 Nge7 12. Nd2 h5 13. Nf3 Nf5 14. h4 Be7 15.
g3 g6 16. Rfd1 O-O 17. b4 Kg7 18. a3 Rac8 19. Ra2 Ncxd4 20. Nxd4 Nxd4 21. cxd4
Qa4 22. Rdd2 Rc1+ 23. Kg2 Rfc8 24. Ne2 R1c4 25. Rdb2 a6 26. Rb3 Rxb4 27. Rxb4
Bxb4 28. Qb1 Bf8 29. Qxb7 Qc4 30. Qb2 a5 31. a4 Bb4 32. Qb1 Be7 33. Nf4 Qxd4
34. Qxg6+ fxg6 35. Nxe6+ Kf7 36. Nxd4 Rc4 37. Ne2 Re4 38. f4 Ke6 39. Nc3 Rc4
40. Nb5 d4 41. Kf3 Kd5 42. Rd2 Bb4 43. Rd3 Be1 44. Rd1 Bc3 45. g4 hxg4+ 46.
Kxg4 Rc6 47. e6 Kxe6 48. Rxd4 Bb4 49. Re4+ Kf6 50. Kf3 Rc1 51. Nd4 Ra1 52. Nc6
Rxa4 53. Kg4 Ra1 54. Nxb4 axb4 55. Rxb4 Rg1+ 56. Kf3 Rh1 57. Kg3 Rg1+ 58. Kh2
Rg4 59. Kh3 Rg1 1/2-1/2

[Event "23rd International Grunwald Cup (blind)"]
[Site "Dadaj"]
[Date "2008.09.22"]
[Round "2.5"]
[White "Palacios Perez, Manuel"]
[Black "Staruch, Roman"]
[Result "1-0"]
[WhiteElo "2195"]
[BlackElo "2036"]
[PlyCount "59"]
[EventDate "2008.??.??"]

1. d4 Nf6 2. Nf3 e6 3. g3 d5 4. Bg2 c5 5. O-O Nc6 6. c4 Be7 7. Nc3 O-O 8. cxd5
Nxd5 9. Nxd5 Qxd5 10. Be3 Qh5 11. dxc5 Rd8 12. Qc2 e5 13. Rfe1 Bh3 14. Rad1
Bxg2 15. Kxg2 Kh8 16. Qb3 e4 17. Nd2 f5 18. Qxb7 Rdc8 19. Nc4 Bg5 20. Bxg5 Qxg5
21. Nd6 Nd8 22. Qd7 h5 23. Nxc8 Nf7 24. Qxf7 Rxc8 25. Rd5 g6 26. Rd7 Qh6 27.
Qf6+ Kg8 28. Rd8+ Rxd8 29. Qxd8+ Kh7 30. Qe7+ 1-0

[Event "23rd International Grunwald Cup (blind)"]
[Site "Dadaj"]
[Date "2008.09.22"]
[Round "2.6"]
[White "Falkowski, Dawid"]
[Black "Baloha, Mykhailo"]
[Result "0-1"]
[WhiteElo "2002"]
[BlackElo "2170"]
[PlyCount "57"]
[EventDate "2008.??.??"]

1. e4 d5 2. exd5 Qxd5 3. Nc3 Qa5 4. b4 Qxb4 5. Rb1 Qd6 6. Nf3 Nf6 7. d4 a6 8.
Bd3 g6 9. O-O Bg7 10. Bg5 O-O 11. Qd2 Nc6 12. Rfe1 b6 13. Ne4 Qd7 14. Qf4 Nd5
15. Qh4 Qg4 16. c4 Qxh4 17. Bxh4 Nf4 18. Bf1 Re8 19. d5 Nd4 20. Nxd4 Bxd4 21.
Rbd1 Bg7 22. d6 Bf5 23. dxc7 Bxe4 24. Rxe4 Ne6 25. f4 h6 26. Rxe6 fxe6 27. Rd7
Kf7 28. Bd3 Bf6 29. Be4 0-1

[Event "23rd International Grunwald Cup (blind)"]
[Site "Dadaj"]
[Date "2008.09.22"]
[Round "2.8"]
[White "Draghici Flutur, Gavril"]
[Black "Salamon, Jan"]
[Result "0-1"]
[WhiteElo "2111"]
[BlackElo "1889"]
[PlyCount "102"]
[EventDate "2008.??.??"]

1. e4 c6 2. Ne2 g6 3. d4 Bg7 4. Ng3 Nf6 5. e5 Nd5 6. c4 Nc7 7. Ne4 O-O 8. Be2
d6 9. exd6 exd6 10. Bg5 f6 11. Bf4 d5 12. Bxc7 Qxc7 13. cxd5 cxd5 14. Nec3 Be6
15. Bf3 Qd7 16. O-O Nc6 17. Re1 Bf7 18. Na3 f5 19. Nc2 Rfe8 20. Qd3 Rad8 21.
Rxe8+ Rxe8 22. Qb5 a6 23. Qc5 Rd8 24. Rd1 Bf6 25. Ne3 Ne7 26. Qb6 Kg7 27. Na4
Nc8 28. Qa5 Qd6 29. h3 h5 30. Bxh5 f4 31. Bg4 fxe3 32. fxe3 Qg3 33. Qc3 Nd6 34.
Nc5 Re8 35. Rd3 Ne4 36. Nxe4 dxe4 37. Rd1 Bd5 38. Rf1 Bg5 39. Re1 Rf8 40. Qd2
Bh4 41. Re2 Bc4 42. d5 Bxe2 43. Qxe2 Qd6 44. Be6 Bd8 45. Qg4 Bc7 46. g3 Qxg3+
47. Qxg3 Bxg3 48. Kg2 Bd6 49. Bg4 Kf6 50. Be6 Ke5 51. b3 Bc5 0-1

[Event "23rd International Grunwald Cup (blind)"]
[Site "Dadaj"]
[Date "2008.09.22"]
[Round "2.10"]
[White "Kardasz, Wladyslaw"]
[Black "Zoltek, Tadeusz"]
[Result "0-1"]
[WhiteElo "1928"]
[BlackElo "2218"]
[PlyCount "68"]
[EventDate "2008.??.??"]

1. e4 Nf6 2. Nc3 d5 3. e5 d4 4. Nb5 Ng4 5. f4 a6 6. Na3 Nh6 7. Nf3 e6 8. Bd3
Nd7 9. O-O Nc5 10. Qe2 Be7 11. Nc4 O-O 12. a3 a5 13. b3 Nxd3 14. Qxd3 b5 15.
Nb2 c5 16. Qe4 Qd5 17. d3 Qxe4 18. dxe4 Rd8 19. h3 c4 20. g4 f6 21. bxc4 bxc4
22. Rd1 Nf7 23. exf6 gxf6 24. Nxc4 Ba6 25. Ncd2 Bd6 26. f5 e5 27. Kg2 Rdc8 28.
Ra2 Rab8 29. h4 h6 30. Kg3 Rc3 31. a4 Rbc8 32. Nb3 Be2 33. Rd3 Bxd3 34. cxd3
Rxb3 0-1

[Event "23rd International Grunwald Cup (blind)"]
[Site "Dadaj"]
[Date "2008.09.22"]
[Round "2.11"]
[White "Sargalski, Andrzej"]
[Black "Suder, Ryszard"]
[Result "1/2-1/2"]
[WhiteElo "1943"]
[BlackElo "2183"]
[PlyCount "66"]
[EventDate "2008.??.??"]

1. e4 c6 2. Nc3 d5 3. d4 dxe4 4. Nxe4 Nf6 5. Nxf6+ gxf6 6. Nf3 Bf5 7. c3 e6 8.
g3 Bd6 9. Bg2 Nd7 10. Nh4 Bg6 11. f4 f5 12. Nxg6 hxg6 13. Qb3 Qb6 14. Be3 Nf6
15. O-O-O Qxb3 16. axb3 O-O-O 17. Kc2 a6 18. Bf3 Be7 19. Rde1 Rdg8 20. b4 Ng4
21. Bxg4 fxg4 22. Re2 Rh5 23. Rf1 Rgh8 24. Rff2 Kd7 25. Kd3 Bd6 26. b3 Rf5 27.
Ra2 Rhh5 28. Ke4 Be7 29. Kd3 Rh8 30. Ke4 Rfh5 31. Kd3 Rh3 32. Rae2 Bd8 33. Ra2
Bc7 1/2-1/2

[Event "23rd International Grunwald Cup (blind)"]
[Site "Dadaj"]
[Date "2008.09.22"]
[Round "2.13"]
[White "Chojnowski, Marcin"]
[Black "Hagner, Pawel"]
[Result "1-0"]
[WhiteElo "2171"]
[BlackElo "1906"]
[PlyCount "76"]
[EventDate "2008.??.??"]

1. e4 d6 2. d4 Nf6 3. Nc3 g6 4. Bg5 Bg7 5. Qd2 Nbd7 6. Bh6 Bxh6 7. Qxh6 c5 8.
Nf3 cxd4 9. Nxd4 Qa5 10. O-O-O a6 11. Bc4 Nb6 12. Bb3 Bd7 13. f4 O-O-O 14. Bxf7
Kb8 15. Rhe1 Rc8 16. Nb3 Qh5 17. Qxh5 Nxh5 18. f5 Rcf8 19. fxg6 hxg6 20. Bxg6
Nf4 21. Bf5 Nxg2 22. Re2 Nf4 23. Rf2 Bxf5 24. Rxf4 Be6 25. Rxf8+ Rxf8 26. h4
Nc4 27. Nd4 Bg4 28. Rh1 Ne5 29. Nd5 Rf7 30. h5 Rh7 31. h6 Bf3 32. Nxf3 Nxf3 33.
Nxe7 Ng5 34. Nd5 Nxe4 35. Rh4 Ng5 36. Nf6 Rh8 37. h7 Kc7 38. Rg4 Nxh7 1-0

[Event "23rd International Grunwald Cup (blind)"]
[Site "Dadaj"]
[Date "2008.09.22"]
[Round "2.14"]
[White "Schellmann, Frank"]
[Black "Kulik, Roman"]
[Result "1-0"]
[WhiteElo "2149"]
[BlackElo "1888"]
[PlyCount "53"]
[EventDate "2008.??.??"]

1. e4 c6 2. d4 d5 3. e5 Bf5 4. Nf3 e6 5. Be2 Ne7 6. O-O Ng6 7. Ne1 Ne7 8. Nd3
h6 9. Nd2 Nd7 10. Nb3 Nc8 11. Be3 Be7 12. Nf4 Ncb6 13. g4 Bh7 14. Nh5 Rg8 15.
a4 Nc4 16. Bc1 Qc7 17. a5 a6 18. Ng3 c5 19. c3 b5 20. axb6 Qxb6 21. Bxc4 dxc4
22. Nxc5 Nxc5 23. dxc5 Bxc5 24. Qa4+ Ke7 25. Qxc4 Rgc8 26. Qf4 Rd8 27. b4 1-0

[Event "23rd International Grunwald Cup (blind)"]
[Site "Dadaj"]
[Date "2008.09.22"]
[Round "2.15"]
[White "Ciula, Edward"]
[Black "Hodowany, Wojciech"]
[Result "0-1"]
[WhiteElo "2044"]
[BlackElo "1870"]
[PlyCount "111"]
[EventDate "2008.??.??"]

1. d4 Nf6 2. c4 e6 3. Nc3 Bb4 4. Bd2 O-O 5. Nf3 Nc6 6. Qc2 Be7 7. e4 d6 8. Be2
e5 9. d5 Nb4 10. Qa4 a5 11. a3 Bd7 12. Qd1 Na6 13. Bd3 Nc5 14. Bc2 a4 15. h3 c6
16. Be3 cxd5 17. cxd5 Qc7 18. O-O Rfc8 19. Qe2 Qb8 20. Nd2 b5 21. Na2 Bd8 22.
Nb4 Ba5 23. f4 Na6 24. Nxa6 Rxa6 25. Bd3 Bd8 26. fxe5 dxe5 27. Nf3 Bb6 28. Rac1
Re8 29. Rc2 Nxd5 30. exd5 e4 31. Nd4 exd3 32. Qxd3 Qe5 33. Rf3 Qxd5 34. Rd2 Qc4
35. Qxc4 bxc4 36. Nc2 Bxe3+ 37. Rxe3 Rxe3 38. Nxe3 Be8 39. Nxc4 Kf8 40. Rd8 Ke7
41. Rb8 Rc6 42. Ne3 Bd7 43. Rb7 Kd6 44. Rb4 Rc5 45. Kf2 h5 46. Nc4+ Ke6 47. Nb6
Bc6 48. Rc4 Rxc4 49. Nxc4 Kd5 50. Ne3+ Ke4 51. Ke2 f5 52. Nf1 Bb5+ 53. Kf2 Bxf1
54. Kxf1 Ke3 55. Ke1 g5 56. Kd1 0-1

[Event "23rd International Grunwald Cup (blind)"]
[Site "Dadaj"]
[Date "2008.09.22"]
[Round "2.16"]
[White "Bakalarczyk, Wlodzimierz"]
[Black "Dziobek, Jerzy"]
[Result "1-0"]
[WhiteElo "2001"]
[BlackElo "1863"]
[PlyCount "49"]
[EventDate "2008.??.??"]

1. d4 d5 2. c4 e6 3. g3 Nf6 4. Bg2 Nbd7 5. Nf3 Be7 6. b3 c6 7. O-O O-O 8. Bb2
Qc7 9. Nbd2 Re8 10. Qc2 Bd6 11. Rac1 Qd8 12. Ne5 b6 13. Nxc6 Qc7 14. cxd5 exd5
15. e3 Ba6 16. Rfe1 Rac8 17. Qf5 Nc5 18. dxc5 Qxc6 19. cxd6 Qxd6 20. Bxf6 gxf6
21. Qxd5 Qxd5 22. Bxd5 Rxc1 23. Rxc1 Rd8 24. e4 f5 25. Rc7 1-0

[Event "23rd International Grunwald Cup (blind)"]
[Site "Dadaj"]
[Date "2008.09.22"]
[Round "2.17"]
[White "Fries, Elisabeth"]
[Black "Wolak, Tomasz"]
[Result "0-1"]
[WhiteElo "1738"]
[BlackElo "1971"]
[PlyCount "62"]
[EventDate "2008.??.??"]

1. d4 c5 2. c3 Nf6 3. Nf3 e6 4. Nbd2 Nc6 5. e4 d5 6. e5 Ne4 7. Nxe4 dxe4 8. Ng5
cxd4 9. Nxe4 Qd5 10. Nd6+ Bxd6 11. exd6 Qxd6 12. Bb5 Qe5+ 13. Qe2 Qxe2+ 14.
Kxe2 dxc3 15. bxc3 Bd7 16. Rd1 O-O-O 17. Be3 a6 18. Bxc6 Bxc6 19. g3 Bd5 20.
Rd2 Rd7 21. Rad1 Rhd8 22. Ke1 Bxa2 23. Ra1 Bc4 24. Rd4 Rxd4 25. Bxd4 f6 26. f4
Rd5 27. Kf2 Rb5 28. Ra4 Rb2+ 29. Kg1 Bd5 30. Rb4 Rg2+ 31. Kh1 Rxg3# 0-1